केदारनाथ आपदा की सच्ची कहानियाँ (Record no. 28673)

MARC details
000 -LEADER
fixed length control field 00395nam a22001337a 4500
003 - CONTROL NUMBER IDENTIFIER
control field SGT
020 ## - INTERNATIONAL STANDARD BOOK NUMBER
International Standard Book Number 9789350488706
082 ## - DEWEY DECIMAL CLASSIFICATION NUMBER
Classification number 954
Item number K16P
100 ## - MAIN ENTRY--PERSONAL NAME
Personal name पोखरियाल , रमेश
245 ## - TITLE STATEMENT
Title केदारनाथ आपदा की सच्ची कहानियाँ
260 ## - PUBLICATION, DISTRIBUTION, ETC. (IMPRINT)
Name of publisher, distributor, etc प्रभात प्रकाशन
Year of Publication 2016
300 ## - PAGE DESCRIPTION
No. of Pages 144
942 ## - ADDED ENTRY ELEMENTS (KOHA)
Source of classification or shelving scheme Dewey Decimal Classification
Koha item type Books
Holdings
Withdrawn status Lost status Source of classification or shelving scheme Damaged status Not for loan Home library Current library Shelving location Date acquired Cost, normal purchase price SGTU Total Checkouts Full call number Accession No. (Barcode) Date last seen Bill Date Koha item type
    Dewey Decimal Classification   Not For Loan SGT Chancellor's Library SGT Chancellor's Library Reference Book 04/01/2025 250.00 SGTU   954 K16P CH1506 04/01/2025 04/01/2025 Books